Mugani Thandwi / (Record no. 244)
[ view plain ]
| 000 -LEADER | |
|---|---|
| fixed length control field | 00942nam a2200373Ia 4500 |
| 001 - CONTROL NUMBER | |
| control field | 244 |
| 005 - DATE AND TIME OF LATEST TRANSACTION | |
| control field | 20240113233406.0 |
| 007 - PHYSICAL DESCRIPTION FIXED FIELD--GENERAL INFORMATION | |
| fixed length control field | ta |
| 008 - FIXED-LENGTH DATA ELEMENTS--GENERAL INFORMATION | |
| fixed length control field | 050107s2002 a g b000 u bod u |
| 040 ## - CATALOGING SOURCE | |
| Original cataloging agency | Cotton College,Assam |
| 041 ## - LANGUAGE CODE | |
| Language code of text/sound track or separate title | bod |
| 082 ## - DEWEY DECIMAL CLASSIFICATION NUMBER | |
| Classification number | 891.492B |
| Item number | Bo 23 Mu |
| 100 ## - MAIN ENTRY--PERSONAL NAME | |
| Personal name | Boro, Madhu Ram . |
| 245 #0 - TITLE STATEMENT | |
| Title | Mugani Thandwi / |
| Statement of responsibility, etc. | Madhu Ram Boro. |
| Medium | Textual Documents |
| 250 ## - EDITION STATEMENT | |
| Edition statement | 1st ed / |
| 260 ## - PUBLICATION, DISTRIBUTION, ETC. | |
| Place of publication, distribution, etc. | Guwahati(Assam) : |
| Name of publisher, distributor, etc. | N.L.publication , |
| Date of publication, distribution, etc. | 2002. |
| 300 ## - PHYSICAL DESCRIPTION | |
| Extent | 84p. : |
| Other physical details | ill ; |
| Dimensions | 22cm. . |
| 500 ## - GENERAL NOTE | |
| General note | This book is written in Bodo language Issued to the Deptt (Bodo) Acc No-89810 |
| 653 ## - INDEX TERM--UNCONTROLLED | |
| Uncontrolled term | Bodo Drama |
| 653 ## - INDEX TERM--UNCONTROLLED | |
| Uncontrolled term | Gen-Bodo |
| 942 ## - ADDED ENTRY ELEMENTS (KOHA) | |
| Source of classification or shelving scheme | Dewey Decimal Classification |
| Koha item type | Books |
| Withdrawn status | Lost status | Damaged status | Not for loan | Collection | Home library | Current library | Date acquired | Coded location qualifier | Total checkouts | Full call number | Barcode | Date last seen | Copy number | Price effective from | Koha item type |
|---|---|---|---|---|---|---|---|---|---|---|---|---|---|---|---|
| Dr. Suryya Kumar Bhuyan Library | Dr. Suryya Kumar Bhuyan Library | 01/02/2012 | 00000 | 891.492B Bo 23 Mu | 91329 | 13/01/2024 | 8 | 01/02/2012 | Books | ||||||
| Dr. Suryya Kumar Bhuyan Library | Dr. Suryya Kumar Bhuyan Library | 01/02/2012 | 00000 | 891.492B Bo 23 Mu | 2244/EL | 13/01/2024 | 9 | 01/02/2012 | Books | ||||||
| Dr. Suryya Kumar Bhuyan Library | Dr. Suryya Kumar Bhuyan Library | 01/02/2012 | 00000 | 891.492B Bo 23 Mu | 2245/EL | 13/01/2024 | 6 | 01/02/2012 | Books | ||||||
| Dr. Suryya Kumar Bhuyan Library | Dr. Suryya Kumar Bhuyan Library | 01/02/2012 | 00000 | 891.492B Bo 23 Mu | 587/Bodo | 13/01/2024 | 2 | 01/02/2012 | Books | ||||||
| Dr. Suryya Kumar Bhuyan Library | Dr. Suryya Kumar Bhuyan Library | 01/02/2012 | 00000 | 891.492B Bo 23 Mu | 589/Bodo | 13/01/2024 | 1 | 01/02/2012 | Books | ||||||
| Dr. Suryya Kumar Bhuyan Library | Dr. Suryya Kumar Bhuyan Library | 01/02/2012 | 00000 | 891.492B Bo 23 Mu | 89808 | 13/01/2024 | 3 | 01/02/2012 | Books | ||||||
| Dr. Suryya Kumar Bhuyan Library | Dr. Suryya Kumar Bhuyan Library | 01/02/2012 | 00000 | 891.492B Bo 23 Mu | 89809 | 13/01/2024 | 4 | 01/02/2012 | Books | ||||||
| Dr. Suryya Kumar Bhuyan Library | Dr. Suryya Kumar Bhuyan Library | 01/02/2012 | 00000 | 891.492B Bo 23 Mu | 89810 | 13/01/2024 | 5 | 01/02/2012 | Books | ||||||
| Dr. Suryya Kumar Bhuyan Library | Dr. Suryya Kumar Bhuyan Library | 01/02/2012 | 00000 | 891.492B Bo 23 Mu | 91326 | 13/01/2024 | 11 | 01/02/2012 | Books | ||||||
| Dr. Suryya Kumar Bhuyan Library | Dr. Suryya Kumar Bhuyan Library | 01/02/2012 | 00000 | 891.492B Bo 23 Mu | 91327 | 13/01/2024 | 10 | 01/02/2012 | Books | ||||||
| Dr. Suryya Kumar Bhuyan Library | Dr. Suryya Kumar Bhuyan Library | 01/02/2012 | 00000 | 891.492B Bo 23 Mu | 91328 | 13/01/2024 | 7 | 01/02/2012 | Books |
